Taylor Swift mystery lyrics #26 - Statistics

General Stats
  • This quiz has been taken 83 times
    76 since last reset
  • The average score is 155 of 203
Answer Stats
Answer % Correct
a
100%
I
100%
it
100%
you
100%
You
100%
the
98%
is
96%
me
96%
your
96%
in
95%
and
93%
And
93%
love
93%
that
93%
to
93%
I'm
91%
know
91%
You're
91%
be
89%
it's
89%
like
88%
one
88%
could
86%
of
86%
Where
86%
all
84%
can
84%
I'll
84%
are
82%
do
82%
my
82%
see
80%
If
79%
by
77%
how
77%
How
77%
can't
75%
this
75%
for
73%
here
73%
ever
71%
so
71%
at
66%
Standin'
66%
standin'
66%
But
64%
night
64%
now
64%
again
63%
'Cause
63%
dream
63%
you've
63%
bottle
61%
Message
61%
hopin'
59%
gets
57%
waitin'
57%
down
54%
kinda
52%
sleep
52%
away
50%
eyes
50%
frightenin'
50%
Look
50%
These
50%
reason
48%
far
46%
standing
45%
days
43%
face
43%
London
43%
wonderin'
43%
bright
41%
crowd
41%
Feelin'
41%
freckles
41%
terrified
41%
time
41%
tied
39%
hypnotized
38%
made
38%
reachin'
38%
Tongue
38%
keep
36%
while
34%
endless
32%
restless
30%
Work
30%
Disaster
29%
became
27%
mm
27%
faster
25%
moves
25%
laughter
23%
Replaying
23%
No matching quizzes found
Score Distribution
Percent of People with Each Score
Percentile by Number Answered
Your Score History
You have not taken this quiz since the last reset